000 00955nam a22002897a 4500
003 CHAP
005 20220817042904.0
008 971013s1990 r 00010 d
010 _a58910
011 _a59882
035 _a64042
040 _cCHAP
082 _a333.72
_bM2
100 0 0 _aMcNeely, Jeffrey A.
_973731
245 _aConserving the world's biological diversity
260 _aGland, Switzerland :
_bInternational Union for Conservation of Nature and Natural Resources,
_c1990
300 _a193 p.
_b: ilus.
590 _aBATCH-UPD
_b10
_c20130110
_lUCH01
_h0830
590 _aBATCH-UPD
_b10
_c20130410
_lUCH01
_h0508
590 _aBATCH-UPD
_b10
_c20130914
_lUCH01
_h0628
590 _aCONVERSION
_b10
_c20130109
_lUCH01
_h1332
650 1 4 _aBiodiversidad.
_912724
650 1 4 _aRecursos naturales
_xConservación.
901 _aBK
942 _cLIBRO
949 _a333.72 M2
_bBC
_cLIBRO
_d33724000082111
_eLIBRO
_gI.180349
_h89746
_i64042
_si
_t109.00
999 _c58910
_d58910